01136nam a2200193Ia 4500001001000000003001000010008004100020040002500061041001300086100002200099245004300121250001100164260009100175300002700266500026000293501011400553520026000667650001500927L150-1357IT-CnALBA170116s9999||||xx |||||||||||||| ||und|| aIT-CnALBAcIT-CnALBA aITALIANO aPALMES FERDINANDO 0aPSICOLOGIA SPERIMENTALE E FILOSOFICA.  a1a ed. a ROMAbLA CIVILTÀ CATTOLICA EDIZIONI c1956 [1° Ed.:1956 - Ed.Ling.Originale: 1952] a550 p. (prefazione: 6) aTRADUZIONE DALLO SPAGNOLO DI MONACI PIERO. PSICOLOGIA: IDEA GENERALE OGGETTO METODO ORDINAMENTO. PSICOLOGIA ANALITICA. PERCEZIONE. SENSAZIONE ESTERNA. PENSIERO IDEE IMMAGINAZIONE. ASSOCIAZIONE DELLE RAPPRESENTAZIONI. MEMORIA. FUNZIONI PSICHICHE PRODUTTIVE aSocietà San Paolo EM - Piazza San Paolo, 14 - 12051 ALBA (CN) (non commercial uses only) ® Copyright 2017 aTRADUZIONE DALLO SPAGNOLO DI MONACI PIERO. PSICOLOGIA: IDEA GENERALE OGGETTO METODO ORDINAMENTO. PSICOLOGIA ANALITICA. PERCEZIONE. SENSAZIONE ESTERNA. PENSIERO IDEE IMMAGINAZIONE. ASSOCIAZIONE DELLE RAPPRESENTAZIONI. MEMORIA. FUNZIONI PSICHICHE PRODUTTIVE aPSICOLOGIA